MARC details
| 000 -CABECERA |
| campo de control de longitud fija |
01522nam a2200349 i 4500 |
| 001 - NÚMERO DE CONTROL |
| campo de control |
991061720861106706 |
| 003 - IDENTIFICADOR DEL NÚMERO DE CONTROL |
| campo de control |
ES-BaIT |
| 005 - FECHA Y HORA DE LA ÚLTIMA TRANSACCIÓN |
| campo de control |
20260226125942.0 |
| 008 - DATOS DE LONGITUD FIJA--INFORMACIÓN GENERAL |
| campo de control de longitud fija |
260226e202501 fr r 000 d fre c |
| 020 ## - NÚMERO INTERNACIONAL ESTÁNDAR DEL LIBRO |
| Número Internacional Estándar del Libro |
9782749816777 |
| 040 ## - FUENTE DE LA CATALOGACIÓN |
| Centro catalogador/agencia de origen |
ES-BaIT |
| Lengua de catalogación |
cat |
| Normas de descripción |
rda |
| Centro/agencia transcriptor |
ES-BaIT |
| 080 ## - NÚMERO DE LA CLASIFICACIÓN DECIMAL UNIVERSAL |
| Número de la Clasificación Decimal Universal |
840-2"19" |
| 100 1# - ENTRADA PRINCIPAL--NOMBRE DE PERSONA |
| Nombre de persona |
Gely, Cyril, |
| Fechas asociadas al nombre |
1968- |
| Término indicativo de función/relación |
autor |
| 9 (RLIN) |
168731 |
| 245 13 - MENCIÓN DE TÍTULO |
| Título |
Le Prix : |
| Resto del título |
toute médaille a son revers / |
| Mención de responsabilidad, etc. |
Cyril Gely |
| 264 #1 - PRODUCCIÓN, PUBLICACIÓN, DISTRIBUCIÓN, FABRICACIÓN Y COPYRIGHT |
| Producción, publicación, distribución, fabricación y copyright |
Paris : |
| Nombre del de productor, editor, distribuidor, fabricante |
L'avant-scène théâtre, |
| Fecha de producción, publicación, distribución, fabricación o copyright |
janvier 2025 |
| 300 ## - DESCRIPCIÓN FÍSICA |
| Extensión |
68 pàgines ; |
| Dimensiones |
21 cm |
| 336 ## - TIPO DE CONTENIDO |
| Término de tipo de contenido |
text |
| Código de tipo de contenido |
txt |
| Fuente |
rdacontent |
| 337 ## - TIPO DE MEDIO |
| Nombre/término del tipo de medio |
sense mediació |
| Código del tipo de medio |
n |
| Fuente |
rdamedia |
| 338 ## - TIPO DE SOPORTE |
| Nombre/término del tipo de soporte |
volum |
| Código del tipo de soporte |
nc |
| Fuente |
rdacarrier |
| 490 1# - MENCIÓN DE SERIE |
| Mención de serie |
L'Avant-scène théâtre ; |
| Designación de volumen o secuencia |
no 1570 |
| 500 ## - NOTA GENERAL |
| Nota general |
P4: D2, H2 |
| 500 ## - NOTA GENERAL |
| Nota general |
Publicat com no 1570 (janvier 2025) de la revista L'Avant-scène théâtre |
| 500 ## - NOTA GENERAL |
| Nota general |
Estrena Théâtre Hébertot, el 22 de gener de 2025 |
| 520 ## - SUMARIO, ETC. |
| Sumario, etc. |
"Le 10 de décembre 1946, au Grand Hôtel de Stockholm, Otto Hahn attend de recevoir le prix Nobel de chimie. Peu avant l'heure, il est rejoint dans sa suite par Lise Meitner, son ancienne collaboratrice, avec laquelle il a travaillé plus de trente ans. Mais Lise ne vient pas le féliciter. Elle vient régler ses comptes"-- Contracoberta |
| 600 10 - PUNTO DE ACCESO ADICIONAL DE MATERIA--NOMBRE DE PERSONA |
| Nombre de persona |
Hahn, Otto |
| Subdivisión de forma |
Textos dramàtics |
| 9 (RLIN) |
168732 |
| 600 10 - PUNTO DE ACCESO ADICIONAL DE MATERIA--NOMBRE DE PERSONA |
| Nombre de persona |
Meitner, Lisa |
| Subdivisión de forma |
Textos dramàtics |
| 9 (RLIN) |
168733 |
| 650 #0 - PUNTO DE ACCESO ADICIONAL DE MATERIA--TÉRMINO DE MATERIA |
| Término de materia o nombre geográfico como elemento de entrada |
Premis Nobel |
| Subdivisión de forma |
Textos dramàtics |
| 9 (RLIN) |
168734 |
| 830 ## - PUNTO DE ACCESO ADICIONAL DE SERIE-TÍTULO UNIFORME |
| Título uniforme |
Avant-scène. |
| Nombre de parte o sección de la obra |
Théâtre |
| Designación de volumen o secuencia |
no 1570 |
| 9 (RLIN) |
168170 |
| 908 ## - COLOCAR PARÁMETRO DE COMANDO (RLIN) |
| Colocar parámetro de comando |
CDMAE |
| 940 ## - EQUIVALENCIA O REFERENCIA-CRUZADA--TÍTULO UNIFORME [OBSOLETO] [solamente CAN/MARC] |
| Título uniforme |
<a href="CDMAE">CDMAE</a> |
| 942 ## - ELEMENTOS DE ENTRADA AGREGADA (KOHA) |
| Fuente del sistema de clasificación o colocación |
Clasificación decimal universal |
| Tipo de ítem Koha |
Llibre |